|
|
|
|
| LEADER |
00000nam0a2200000 4500 |
| 001 |
151917 |
| 005 |
20231101221607.0 |
| 035 |
|
|
|a (RuTPU)RU\TPU\book\164731
|
| 090 |
|
|
|a 151917
|
| 100 |
|
|
|a 20090128d1951 m y0engy50 ba
|
| 101 |
0 |
|
|a eng
|
| 102 |
|
|
|a GB
|
| 105 |
|
|
|a a z 001zy
|
| 200 |
1 |
|
|a Practical Physical Chemistry
|f A. Findlay, J. A. Kitchener
|
| 205 |
|
|
|a Eighth Edition
|
| 210 |
|
|
|a London
|c Longmans
|d 1951
|
| 215 |
|
|
|a 364 с.
|c il.
|
| 320 |
|
|
|a Index: p. 359-364.
|
| 606 |
1 |
|
|a Физическая химия
|2 stltpush
|3 (RuTPU)RU\TPU\subj\67669
|9 83390
|
| 610 |
1 |
|
|a температура
|
| 610 |
1 |
|
|a химическая термодинамика
|
| 610 |
1 |
|
|a химическая кинетика
|
| 610 |
1 |
|
|a практические пособия
|
| 610 |
1 |
|
|a учебные пособия
|
| 610 |
1 |
|
|a английский язык
|
| 675 |
|
|
|a 544(076)
|v 3
|
| 700 |
|
1 |
|a Findlay
|b A.
|g Alexander
|
| 701 |
|
1 |
|a Kitchener
|b J. A.
|
| 801 |
|
1 |
|a RU
|b 63413507
|c 20090128
|g PSBO
|
| 801 |
|
2 |
|a RU
|b 63413507
|c 20230403
|g PSBO
|
| 942 |
|
|
|c BK
|